Galates 5. 16-26 - Statistiques

Statistiques générales
  • Ce quiz a été pris 58 fois
    57 depuis la dernière actualisation
  • Le résultat moyen est 109 sur 219
Statistiques - réponses
Versets : % Correct
ce
82%
colères,
82%
débauche,
82%
dis :
82%
donc
82%
haines,
82%
je
82%
la
82%
les
82%
les
82%
les
82%
les
82%
les
82%
l'idolâtrie,
82%
marchez
82%
que
82%
Voici
82%
a
73%
à
73%
a
73%
à
73%
ce
73%
ceux
73%
ceux
73%
contraires
73%
contraires
73%
de
73%
de
73%
de
73%
de
73%
des
73%
des
73%
désirs
73%
désirs
73%
désirs
73%
divisions,
73%
effet,
73%
En
73%
entre
73%
et
73%
et
73%
eux,
73%
faire
73%
humaine
73%
humaine.
73%
Ils
73%
la
73%
la
73%
la
73%
les
73%
les
73%
les
73%
l'Esprit
73%
l'Esprit,
73%
l'Esprit
73%
n'accomplirez
73%
nature
73%
nature
73%
nature
73%
ne
73%
opposés
73%
par
73%
pas
73%
pas
73%
pouvez
73%
propre.
73%
que
73%
que
73%
rivalités,
73%
sectes,
73%
sont
73%
sorte
73%
votre
73%
voudriez.
73%
vous
73%
vous
73%
vous
73%
ce
64%
de
64%
évidentes :
64%
humaine
64%
jalousies,
64%
la
64%
l'adultère,
64%
Les
64%
l'immoralité
64%
l'impureté,
64%
magie,
64%
nature
64%
œuvres
64%
sexuelle,
64%
sont
64%
sont
64%
Cependant,
55%
choses
55%
conduits
55%
de
55%
et
55%
êtes
55%
excès
55%
Je
55%
la
55%
l'envie,
55%
les
55%
les
55%
les
55%
l'Esprit,
55%
l'ivrognerie,
55%
loi.
55%
n'êtes
55%
par
55%
pas
55%
préviens,
55%
querelles,
55%
semblables.
55%
si
55%
sous
55%
table
55%
vous
55%
vous
55%
vous
55%
ceux
45%
comme
45%
déjà
45%
fait :
45%
je
45%
l'ai
45%
qui
45%
bienveillance,
36%
bonté,
36%
c'est
36%
comportement
36%
de
36%
de
36%
de
36%
Dieu.
36%
douceur,
36%
du
36%
fruit
36%
joie,
36%
la
36%
la
36%
la
36%
la
36%
la
36%
la
36%
la
36%
la
36%
l'amour,
36%
le
36%
l'Esprit,
36%
Mais
36%
maîtrise
36%
meurtres,
36%
n'hériteront
36%
ont
36%
paix,
36%
pas
36%
patience,
36%
royaume
36%
soi.
36%
tel
36%
un
36%
a
27%
à
27%
appartiennent
27%
attitudes,
27%
Ceux
27%
Contre
27%
de
27%
de
27%
foi,
27%
il
27%
Jésus-Christ
27%
loi.
27%
n'y
27%
pas
27%
qui
27%
telles
27%
autres,
18%
autres.
18%
aux
18%
en
18%
en
18%
envie
18%
les
18%
les
18%
les
18%
l'Esprit,
18%
Ne
18%
nous
18%
nous
18%
nous
18%
par
18%
pas
18%
portant
18%
provoquant
18%
Si
18%
soyons
18%
uns
18%
uns
18%
vaniteux
18%
vivons
18%
aussi
9%
avec
9%
conduire
9%
crucifié
9%
désirs.
9%
et
9%
laissons-nous
9%
l'Esprit.
9%
leur
9%
nature
9%
ont
9%
par
9%
passions
9%
propre
9%
ses
9%
ses
9%
Aucun quiz correspondant
Distribution des résultats
% des personnes avec chaque résultat
Percentile par nombre de réponses
Votre historique - résultats
Vous n’avez pas pris ce quiz depuis la dernière actualisation